000
00213 a2200097 4500
001
45304
100
_a
Chapel, C
245
_a
Aircraft basic science
260
_a
New York
_b
McGraw Hill
_c
090
_c
28483
_d
28483
942
_a
NUST-CAE
_c
M
_c
20539
999
_c
280377
_d
280377